000 00351nam a2200145Ia 4500
008 230711s9999||||xx |||||||||||||| ||und||
041 _aENG
082 _a4
_bRA-M
100 _aRam,B
245 0 _aFundamentals of microprocessor
250 _a1st Ed.
260 _c1993
_aNew Delhi
_bPradeep publishers
650 _aComputer Engineering
942 _cBK
999 _c2936
_d2936